[Event "Ch Europe"]
[Site "masterchessopen.com Dresden (Germany)"]
[Date "2007.04.03"]
[Round "1"]
[White "Mchedlishvili Mikheil (GEO)"]
[Black "Wippermann Till (GER)"]
[Result "1-0"]
[WhiteElo "2631"]
[BlackElo "2438"]

{ } 1.d4 Nf6 2.c4 e6 3.Nc3 Bb4 4.Qc2 d5 5.cxd5 Qxd5 6.Nf3 Qf5 7.Qd1 { ?/= }
7...e5 ( 7...c5 8.e3 cxd4 9.exd4 Ne4 10.Bd2 Nc6 11.a3 Bxc3 12.bxc3 Bd7 13.Qc2
Rc8 14.Bd3 Nxd4 15.Nxd4 Qxf2+ 16.Kd1 Nc5 17.a4 Qxg2 18.Re1 Qxh2 19.Be4 g6
20.Re2 Qg1+ 21.Re1 Qg3 22.Re3 Qd6 23.Nb5 Bxb5 24.axb5 O-O 25.Rxa7 Rfd8 26.Ra2
Qf4 27.Ke1 { ...0-1, Timman Jan H 2590 - Short Nigel D 2645 , Horgen 1995 It
(cat.17) } ) ( 7...O-O 8.e3 c5 9.Bd3 Qh5 10.a3 Ba5 11.Bd2 Rd8 12.Qe2 cxd4
13.Nxd4 Bb6 14.Nb3 Bd7 15.Qxh5 Nxh5 16.Ke2 Bc6 17.Be4 Nf6 18.Bxc6 Nxc6 19.Na4
Bc7 20.Rac1 Ne4 21.Be1 Be5 22.f3 Nd6 23.Bh4 Rdc8 24.f4 Bf6 25.Bxf6 gxf6 26.Rc2
Ne7 27.Nc3 { ...1/2-1/2, Kumaran Dharshan 2500 - Solak Dragan 2240 , Halle
1995 Ch World (juniors) (under 20) } ) 8.e3 ( 8.dxe5 Ne4 9.Bd2 Nc6 10.Nxe4
Qxe4 11.a3 Bxd2+ 12.Qxd2 Nxe5 13.Qc3 Nxf3+ 14.gxf3 Qg6 15.e3 O-O 16.Bd3 Bf5
17.e4 Bd7 18.Ke2 Qc6 19.Qxc6 Bxc6 20.Rhc1 Rac8 21.Rc3 Bd7 22.Rd1 Rfd8 23.Rdc1
c6 24.f4 g6 25.Rg1 Kf8 26.h4 Ke7 27.h5 Be6 { ...1/2-1/2, Sumets Andrey 2462 -
Schneider Ilja 2351 , Pardubice 25. 7.2006 It (open) } ) ( 8.g4 Bxc3+ 9.bxc3
Nxg4 10.h3 Nxf2 11.Kxf2 e4 12.Ba3 Nc6 13.Rg1 exf3 14.exf3 Be6 15.Qb1 Qf4
16.Qxb7 Bd5 17.Rg3 Rb8 18.Qa6 Kd7 19.Qd3 Na5 20.Qe3 Qxe3+ 21.Kxe3 Rhe8+ 22.Kd2
g6 23.f4 Re4 24.Bb4 Nc4+ 25.Bxc4 Bxc4 26.Re3 Rxf4 27.Re7+ Kc6 { ...0-1, Jelen
Igor 2415 - Beliavsky Alexander G 2620 , Bled 1996 It (open) } ) ( 8.Bd2 Bxc3
9.Bxc3 e4 10.Ne5 e3 11.f3 O-O 12.g3 Nc6 13.Bg2 Nd5 14.Qd3 Nce7 15.Qxf5 Bxf5
16.O-O f6 17.Nc4 Rfe8 18.Rac1 Rad8 19.Rfd1 g5 20.Be1 h5 21.Na5 b6 22.Nc6 Nxc6
23.Rxc6 Kg7 24.h4 Bd7 25.Rc2 gxh4 26.gxh4 Bf5 27.Rc6 Rd7 { ...0-1, Ivanov
Sergey_ 2553 - Khalifman Alexander 2669 , Sochi 25. 4.2004 Ch Russia (club) }
) 8...exd4 9.Nxd4 { -0.11 CAP } 9...Qd7 { N } ( 9...Bxc3+ 10.bxc3 Qa5 11.Qc2
O-O 12.Be2 c5 13.Nb3 Qc7 14.c4 b6 15.Bb2 Nbd7 16.O-O Bb7 17.Qc3 Rfe8 18.f4 Re7
19.Rae1 Ne8 20.Nd2 Ndf6 21.f5 Rd8 22.Bf3 Red7 23.Rf2 Bxf3 24.gxf3 Rd3 25.Qc2
Qd7 26.Nf1 Qxf5 27.Ng3 Qd7 28.Bd4 Ra3 29.Qb2 { ...0-1, Dreev Alexey 2679 -
Adams Michael 2708 , Las Vegas 1999 Ch World FIDE (play-off) } ) 10.Qb3 Ba5
11.Qa3 Bb6 12.Be2 Qe7 13.Qxe7+ Kxe7 14.b3 Rd8 15.Ba3+ Ke8 16.O-O-O g6 17.Na4
Ne4 18.Nxb6 axb6 19.Nb5 Na6 20.Rxd8+ Kxd8 21.Rd1+ Bd7 22.Rd4 { ?! } ( 22.f3 {
!? } 22...Nec5 23.Nc3 Ke8 24.b4 Ne6 25.Kb2 f5 26.Kb3 Rd8 27.Bc4 { } ) 22...f5
{ ?! } ( 22...Nxf2 { !? } 23.Bf3 Nc5 24.Bxc5 bxc5 25.Rd2 Kc8 26.Nc3 Ng4
27.Bxb7+ { } ) 23.f3 Nec5 24.Rh4 h5 25.g4 c6 26.Nc3 fxg4 27.fxg4 hxg4 28.Bxg4
Nc7 29.Bxc5 bxc5 30.Kb2 Be8 { ?! } ( 30...Bxg4 { !? } 31.Rxg4 Ke7 32.Rxg6 Rh8
33.Rg7+ Kd6 34.Ne4+ Ke5 35.Re7+ Ne6 36.Nxc5 Rxh2+ 37.Kc3 { } ) 31.Rh7 Nd5
32.Ne4 Nxe3 33.Be6 Nf5 34.Bxf5 gxf5 35.Nd6 b5 36.Nxe8 { } {#r} 1-0

[Event "Ch Russia (club) (hl)"]
[Site "masterchessopen.com Sochi (Russia)"]
[Date "2007.05.09"]
[Round "6"]
[White "Gladyszev Oleg (RUS)"]
[Black "Pogromsky Mikhail (RUS)"]
[Result "1-0"]
[WhiteElo "2472"]
[BlackElo "2408"]

1.d4 Nf6 2.c4 e6 3.Nc3 Bb4 4.Qc2 d5 5.cxd5 Qxd5 6.Nf3 Qf5 7.Qxf5 exf5 8.Bd2 c6
9.e3 Be6 10.Bd3 Nbd7 11.Ng5 Nb6 12.Nxe6 fxe6 13.Ke2 Ke7 14.Rhd1 Rhd8 15.Be1
Rac8 16.f3 Bd6 17.Bf2 Nbd5 18.Rac1 c5 19.Nxd5+ Nxd5 20.Bc4 Kf7 21.dxc5 Bxc5
22.Bxd5 exd5 23.Bh4 Be7 24.Bxe7 Kxe7 25.Rxc8 Rxc8 26.Rxd5 Rc2+ 27.Rd2 Rc1
28.Kd3 Kd6 29.Kd4 Ra1 30.a3 Rc1 31.e4 fxe4 32.Kxe4+ Ke6 33.f4 g6 34.g4 Rc4+
35.Kf3 b5 36.Re2+ Kd5 37.h4 a6 38.g5 Rc1 39.Kg4 {#r} 1-0

[Event "It (open)"]
[Site "masterchessopen.com Galatzi (Romania)"]
[Date "2007.05.13"]
[Round "7"]
[White "Grigorov Grigor (BUL)"]
[Black "Petkov Vladimir (BUL)"]
[Result "1-0"]
[WhiteElo "2452"]
[BlackElo "2508"]

1.d4 Nf6 2.c4 e6 3.Nc3 Bb4 4.Qc2 d5 5.cxd5 Qxd5 6.Nf3 Qf5 7.Qxf5 exf5 8.a3 Be7
9.Ne5 a5 10.g3 Be6 11.Bg2 c6 12.Bg5 a4 13.O-O Ra5 14.e3 h6 15.Bxf6 Bxf6 16.f4
Nd7 17.e4 Nb6 18.Rad1 fxe4 19.Nxe4 Be7 20.f5 Bb3 21.Rde1 O-O 22.f6 gxf6
23.Nxf6+ Bxf6 24.Rxf6 Kg7 25.Ref1 Be6 26.Be4 Nd5 27.R6f3 Ne7 28.R1f2 Rb5
29.Nd3 Rd8 30.Nc5 Bc4 31.Bd3 Rxc5 32.Bxc4 Rxc4 33.Rxf7+ Kg6 34.Rxe7 Rcxd4
35.Rxb7 Rd2 36.h3 Kg5 37.Rg7+ {#r} 1-0

[Event "It (cat.4)"]
[Site "masterchessopen.com Novosibirsk (Russia)"]
[Date "2007.07.20"]
[Round "1"]
[White "Kopylov Alexander A (RUS)"]
[Black "Aketaeva Dana (KAZ)"]
[Result "1-0"]
[WhiteElo "2328"]
[BlackElo "2248"]

1.d4 Nf6 2.c4 e6 3.Nc3 Bb4 4.Qc2 d5 5.cxd5 Qxd5 6.e3 O-O 7.Nf3 c5 8.Bd2 Bxc3
9.Bxc3 cxd4 10.Bxd4 Nbd7 11.Be2 e5 12.Bc3 e4 13.Rd1 Qf5 14.Nd4 Qg5 15.O-O Ne5
16.f4 exf3 17.Nxf3 Qxe3+ 18.Kh1 Neg4 19.Bd4 Qh6 20.Bc5 Ne3 21.Bxf8 Nxc2 22.Rd8
Bd7 23.Rxa8 Be8 24.Bc5 a6 25.Bd3 Qh5 26.Be7 Ne3 27.Bxf6 gxf6 28.Rxe8+ Kg7
29.Rxe3 {#r} 1-0

[Event "Ch Austria"]
[Site "masterchessopen.com Tweng (Austria)"]
[Round "4"]
[White "Dietmayer-Kraeutler Marco (AUT)"]
[Black "Ganaus Hannes (AUT)"]
[Result "0-1"]
[WhiteElo "2325"]
[BlackElo "2294"]

1.d4 Nf6 2.c4 e6 3.Nc3 Bb4 4.Qc2 d5 5.cxd5 Qxd5 6.a3 Bxc3+ 7.bxc3 c5 8.Nf3 O-O
9.c4 Qd8 10.e3 Nbd7 11.Bd3 b6 12.O-O Bb7 13.Ne5 Rc8 14.a4 h6 15.Nxd7 Nxd7
16.Rd1 Qh4 17.a5 b5 18.cxb5 cxd4 19.Qa4 Ne5 20.h3 Nxd3 21.Rxd3 Qe4 22.f3 Qxd3
23.exd4 Rxc1+ {#R} 0-1

[Event "Tournament (open)"]
[Site "masterchessopen.com Augustow (Poland)"]
[Date "2007.08.29"]
[Round "8"]
[White "Sanetra Szymon (POL)"]
[Black "Urbanski Piotr (POL)"]
[Result "1-0"]
[WhiteElo "2048"]
[BlackElo "1738"]

1.d4 Nf6 2.c4 e6 3.Nc3 Bb4 4.Qc2 d5 5.cxd5 Bxc3+ 6.bxc3 exd5 7.Ba3 Nc6 8.e3
Ne7 9.Bd3 O-O 10.Nf3 Re8 11.O-O Ng6 12.c4 c6 13.Rab1 Qc7 14.Qb3 dxc4 15.Bxc4
h6 16.Bd3 Ne7 17.e4 Rb8 18.e5 Nfd5 19.Bd6 {#r} 1-0

[Event "Ch Central Serbia"]
[Site "masterchessopen.com Vrnjacka Banja (Serbia)"]
[Date "2007.12.10"]
[Round "1"]
[White "Pantelic Sasa (SRB)"]
[Black "Pantovic Dragan M (SRB)"]
[Result "1-0"]
[WhiteElo "2237"]
[BlackElo "2137"]

1.d4 Nf6 2.c4 e6 3.Nc3 Bb4 4.Qc2 d5 5.cxd5 c5 6.dxc6 Qxd4 7.Nf3 Qc5 8.cxb7
Bxb7 9.e3 Ne4 10.Bd2 O-O 11.a3 Nxd2 12.Qxd2 Bxc3 13.Qxc3 Qb6 14.Qd4 Qa5+ 15.b4
Qh5 16.Be2 Nc6 17.Qb2 a6 18.Rc1 Rac8 19.Rc5 Qg6 20.O-O e5 21.Rfc1 Rfe8 22.b5
axb5 23.Qxb5 Ba8 24.g3 Rb8 25.Qa4 e4 26.Nh4 Qd6 27.Bb5 Rec8 28.Bxc6 {#r} 1-0

[Event "Ch France (team) (nat.1) 2007/08"]
[Site "masterchessopen.com France"]
[Date "2008.04.05"]
[Round "10"]
[White "Grigorov Grigor (BUL)"]
[Black "Silva Sebastain (CHI)"]
[Result "1-0"]
[WhiteElo "2482"]
[BlackElo "2320"]

1.d4 Nf6 2.c4 e6 3.Nc3 Bb4 4.Qc2 d5 5.cxd5 Qxd5 6.Nf3 Qf5 7.Qxf5 exf5 8.a3 Be7
9.Ne5 Be6 10.g3 c6 11.Bg2 a5 12.Bg5 Nbd7 13.Nxd7 Bxd7 14.Na4 Be6 15.Bxf6 Bxf6
16.e3 Be7 17.Rc1 O-O 18.O-O Ra6 19.Rfe1 Rd8 20.Re2 Kf8 21.Rd2 Bd5 22.Bxd5 Rxd5
23.Kf1 b5 24.Nc3 Rd8 25.Rdc2 Ke8 26.Ne2 Kd7 27.Nf4 f6 28.Ke2 Bd6 29.Nd3 g6
30.Nc5+ Bxc5 31.Rxc5 Rb8 32.d5 Rbb6 33.dxc6+ Rxc6 34.Rd1+ Kc7 35.Rxb5 Rcb6
36.Rxb6 Rxb6 37.Rd2 Rb5 38.Kd3 g5 39.Kc4 Rb6 40.b3 Rc6+ 41.Kb5 Rc3 42.Rb2 f4
43.exf4 gxf4 44.Kxa5 f3 45.Kb4 Rc1 46.Rd2 {#r} 1-0

[Event "Ch City"]
[Site "masterchessopen.com Olsztyn (Poland)"]
[Date "2008.04.20"]
[Round "3"]
[White "Czartoryski Pawel (POL)"]
[Black "Paprocki Jaroslaw (POL)"]
[Result "0-1"]
[WhiteElo "2077"]
[BlackElo "2219"]

1.d4 Nf6 2.c4 e6 3.Nc3 Bb4 4.Qc2 d5 5.cxd5 Qxd5 6.Nf3 Qf5 7.Qxf5 exf5 8.Bd2
Be6 9.a3 Be7 10.Bf4 c6 11.e3 Nbd7 12.Bd3 Nb6 13.O-O Bc4 14.Ne5 Bxd3 15.Nxd3
Ne4 16.Nxe4 fxe4 17.Nc5 Bxc5 18.dxc5 Nd5 19.Bd6 f5 20.b4 Kd7 21.Rab1 b5 22.Be5
Rhg8 23.Rfd1 Ke6 24.Bb2 a5 25.f3 axb4 26.axb4 Ra4 27.Ra1 Rga8 28.fxe4 fxe4
29.Bxg7 Rxa1 30.Bxa1 Ra4 31.Bd4 Nxb4 32.Rf1 Nc2 33.Rf6+ Kd5 34.Rd6+ Kc4 35.Kf2
b4 36.g4 Nxd4 37.exd4 b3 38.Rxc6 b2 {#R} 0-1

[Event "It \"]
[Site "masterchessopen.com Triandrias (Greece)"]
[Date "2008.04.30"]
[Round "2"]
[White "Papadimitropoulos Thomas (GRE)"]
[Black "Galaras Anestis (GRE)"]
[Result "1-0"]
[WhiteElo "1780"]
[BlackElo "2021"]

1.d4 Nf6 2.c4 e6 3.Nc3 Bb4 4.Qc2 d5 5.cxd5 Qxd5 6.Nf3 O-O 7.e3 Nbd7 8.Bd2 Bxc3
9.Bxc3 b6 10.Be2 Bb7 11.O-O Rac8 12.Rfd1 Ne4 13.Ne1 Qg5 14.Qa4 Ndf6 15.Qxa7
Nxf2 16.Kxf2 Ne4+ 17.Kf1 Qxe3 18.Nd3 Bd5 19.Qa4 c5 20.dxc5 bxc5 21.Be1 c4
22.Nf2 f5 23.Qc2 c3 24.b3 Qf4 25.Kg1 Qe3 26.Qd3 Qa7 27.Qd4 Qc7 28.Nxe4 c2
29.Rdc1 Bxe4 30.Bc4 Rcd8 31.Bxe6+ Kh8 32.Qf2 Qe5 33.Bc4 Qb2 34.Bb4 Rfe8 35.h3
Qxa1 36.Rxa1 Rd1+ 37.Rxd1 cxd1=Q+ 38.Kh2 Qd8 39.Bc3 Qd6+ 40.Qg3 Qf8 41.a4 Rd8
42.Qc7 Ra8 43.a5 f4 44.a6 f3 45.gxf3 Bxf3 46.Qg3 Rd8 47.Qc7 Rd1 48.Bxg7+ {#r}
1-0

[Event "It (open)"]
[Site "masterchessopen.com Pula (Croatia)"]
[Date "2008.06.28"]
[Round "9"]
[White "Saric Sinisa (SRB)"]
[Black "Petrik Tomas (SVK)"]
[Result "1-0"]
[WhiteElo "2414"]
[BlackElo "2487"]

1.d4 Nf6 2.c4 e6 3.Nc3 Bb4 4.Qc2 d5 5.cxd5 Qxd5 6.e3 c5 7.Bd2 Bxc3 8.bxc3 O-O
9.Nf3 b6 10.Ne5 Nbd7 11.Nxd7 Bxd7 12.f3 cxd4 13.cxd4 Rac8 14.Qb3 Qg5 15.e4 Qg6
16.Kf2 Bc6 17.Bd3 Qh5 18.h4 Rcd8 19.g4 Qg6 20.h5 Nxg4+ 21.fxg4 Qf6+ 22.Ke2
Qxd4 23.Qc3 Qd7 24.h6 e5 25.hxg7 Qxg4+ 26.Kf2 Rfe8 27.Rag1 Qd7 28.Rg3 Re6
29.Rh6 Rxh6 30.Bxh6 Qe6 31.Bg5 Rc8 32.Bc4 Qg6 33.Qxe5 Qxe4 34.Bxf7+ Kxf7
35.g8=Q+ Rxg8 36.Qc7+ Kg6 37.Bd8+ Kf5 38.Qxh7+ Ke5 39.Qxe4+ {#r} 1-0

[Event "It (open) (b)"]
[Site "masterchessopen.com Dortmund (Germany)"]
[Date "2008.07.01"]
[Round "2"]
[White "Kubo Thomas (GER)"]
[Black "Brand Thomas (AUT)"]
[Result "1-0"]
[WhiteElo "1955"]
[BlackElo "2050"]

1.d4 Nf6 2.c4 e6 3.Nc3 Bb4 4.Qc2 d5 5.cxd5 Qxd5 6.Nf3 Qa5 7.Bd2 O-O 8.e3 c6
9.Bd3 Nbd7 10.O-O Qh5 11.a3 Bd6 12.Ne2 Ng4 13.Ng3 Bxg3 14.fxg3 f5 15.h3 Ngf6
16.Qb3 Nd5 17.Rae1 Re8 18.e4 fxe4 19.Rxe4 N7f6 20.Rh4 Qf7 21.Ng5 Qc7 22.Nxh7
{#r} 1-0

[Event "Ch Poland (team) (juniors) (1 liga)"]
[Site "masterchessopen.com Gorzow Wielkopolski (Poland)"]
[Date "2008.07.10"]
[Round "6"]
[White "Pisarek Magdalena (POL)"]
[Black "Chrzaszcz Malvina (POL)"]
[Result "1-0"]
[WhiteElo "1704"]
[BlackElo "2010"]

1.d4 Nf6 2.c4 e6 3.Nc3 Bb4 4.Qc2 d5 5.cxd5 Qxd5 6.e3 c5 7.Bd2 Bxc3 8.bxc3 cxd4
9.cxd4 Nc6 10.Nf3 O-O 11.Bc4 Qh5 12.O-O Rd8 13.a3 b6 14.Rfe1 Bb7 15.Be2 Rac8
16.Qb2 Qg6 17.Rac1 h6 18.a4 Nh7 19.Qb1 Qxb1 20.Rxb1 Ne7 21.a5 Be4 22.Rb2 bxa5
23.Bxa5 Rd5 24.Bd2 a5 25.Ra1 Nc6 26.Ba6 Rc7 27.Rc1 Rdd7 28.Ra1 Ra7 29.Be2 Rd8
30.Rba2 Rb8 31.h3 Nf6 32.Bc4 Bd5 33.Rc2 Nb4 34.Bxb4 Rxb4 35.Bd3 a4 36.Rc8+
{#r} 1-0

[Event "It (open)"]
[Site "masterchessopen.com Feffernitz (Austria)"]
[Date "2008.08.23"]
[Round "8"]
[White "Grasser Peter (AUT)"]
[Black "Fruechel Marcel (GER)"]
[Result "0-1"]
[WhiteElo "1909"]
[BlackElo "1857"]

1.d4 Nf6 2.c4 e6 3.Nc3 Bb4 4.Qc2 d5 5.cxd5 Qxd5 6.Nf3 Qf5 7.Qxf5 exf5 8.Bd2 c6
9.g3 Nbd7 10.Bg2 Nb6 11.Ne5 O-O 12.O-O Be6 13.Nd3 Bd6 14.Nc5 Bxc5 15.dxc5 Nbd5
16.Nxd5 Nxd5 17.Rfd1 Rfe8 18.e3 a5 19.Be1 Nb4 20.Bxb4 axb4 21.a3 bxa3 22.bxa3
Red8 23.h3 Kf8 24.Bf3 Ke8 25.h4 Rxd1+ 26.Bxd1 Ra5 27.Rb1 Rxa3 28.Bf3 Bc8
29.Rc1 Kd8 30.Bh5 Be6 31.Bf3 Kc7 32.Be2 Bd5 33.Kf1 Ra4 34.h5 Rb4 35.f3 b5
36.Kf2 Rb2 37.Ke1 b4 38.g4 fxg4 39.fxg4 b3 40.Bd3 Rh2 41.Bxh7 b2 42.Rd1 Rh1+
43.Kd2 Rxd1+ 44.Kxd1 Ba2 45.g5 g6 {#R} 0-1

[Event "It (open)"]
[Site "masterchessopen.com Trieste (Italy)"]
[Round "1"]
[White "Simutowe Amon (ZAM)"]
[Black "Pregarac Valter (SLO)"]
[Result "1-0"]
[WhiteElo "2463"]
[BlackElo "2097"]

1.c4 Nf6 2.Nc3 e6 3.d4 Bb4 4.Qc2 d5 5.cxd5 Qxd5 6.e3 c5 7.a3 Bxc3+ 8.bxc3 cxd4
9.cxd4 O-O 10.Nh3 b6 11.Nf4 Qd6 12.a4 Qc6 13.Qb3 Rd8 14.Bb5 Qb7 15.Ba3 Nc6
16.O-O Bd7 17.Rfc1 Rdc8 18.Qb2 Nd5 19.Nxd5 exd5 20.Qe2 a6 21.Bd3 Na5 22.Rcb1
Nc4 23.Bb4 b5 24.Bc5 Qc7 25.Qh5 h6 26.Qxd5 Be6 27.Qe4 g6 28.Qh4 Kh7 29.axb5
axb5 30.Rxa8 Rxa8 31.Qg3 Qd7 32.h4 h5 33.Qg5 {#r} 1-0

[Event "Tournament (open) \"]
[Site "masterchessopen.com Copenhagen (Denmark)"]
[Date "2008.09.09"]
[Round "1"]
[White "Nielsen Borge Hjerrild (DEN)"]
[Black "Jorgensen Kasper Moller (DEN)"]
[Result "0-1"]
[WhiteElo "2106"]
[BlackElo "2004"]

1.d4 Nf6 2.c4 e6 3.Nc3 Bb4 4.Qc2 d5 5.cxd5 Qxd5 6.e3 c5 7.Bd2 Bxc3 8.Bxc3 cxd4
9.Bxd4 Nc6 10.Bxf6 gxf6 11.Nf3 Bd7 12.a3 Rc8 13.Qd2 Qxd2+ 14.Nxd2 Ne5 15.Be2
f5 16.Kd1 Bc6 17.Rc1 Ke7 18.f3 Rhd8 19.Ke1 Nd3+ 20.Bxd3 Rxd3 21.Rc3 Rcd8
22.Rxd3 Rxd3 23.e4 fxe4 24.fxe4 Bb5 25.Kd1 Re3 26.b3 Bd3 27.Rg1 Kd6 28.Kc1 Kc6
29.Kb2 Kd7 30.Nf3 Bxe4 31.Rd1+ Ke7 32.Rc1 Re2+ {#R} 0-1

[Event "Ch Europe (juniors) (under 12)"]
[Site "masterchessopen.com Herceg Novi (Montenegro)"]
[Date "2008.09.17"]
[Round "3"]
[White "Terentyev Vitaly (RUS)"]
[Black "Ignat Ilie (MDA)"]
[Result "1-0"]
[WhiteElo "1962"]
[BlackElo "1543"]

1.d4 Nf6 2.c4 e6 3.Nc3 Bb4 4.Qc2 d5 5.cxd5 Bxc3+ 6.bxc3 Qxd5 7.f3 c5 8.e4 Qc6
9.a4 Qc7 10.dxc5 O-O 11.Ba3 Rd8 12.Rd1 Nc6 13.Rxd8+ Qxd8 14.Be2 Bd7 15.Bb4 Rc8
16.Qb3 h6 17.Nh3 Qe8 18.a5 Qd8 19.Qa3 Qc7 20.O-O e5 21.Nf2 Be6 22.Rd1 Rd8
23.a6 b6 24.cxb6 Rxd1+ 25.Nxd1 Qxb6+ 26.Bc5 Qb1 27.Qb2 Qxb2 28.Nxb2 Nd7 29.Be3
Ndb8 30.Na4 Bc8 31.Nc5 Kf8 32.Bb5 Ke7 33.Kf2 Kd6 34.g3 f6 35.f4 exf4 36.gxf4
g5 37.Kg3 Kc7 38.Bc4 Kd6 39.h4 Nd7 40.Nxd7 gxf4+ 41.Bxf4+ Kxd7 42.Bxh6 Ne5
43.Be2 Kc7 44.Bf4 Kd6 45.h5 Kc6 46.Bxe5 fxe5 47.h6 Be6 48.h7 {#r} 1-0

[Event "Ch World (match)"]
[Site "masterchessopen.com Bonn (Germany)"]
[Date "2008.10.21"]
[Round "6"]
[White "Anand Viswanathan (IND)"]
[Black "Kramnik Vladimir (RUS)"]
[Result "1-0"]
[WhiteElo "2783"]
[BlackElo "2772"]

1.d4 Nf6 2.c4 e6 3.Nc3 Bb4 4.Qc2 d5 5.cxd5 Qxd5 6.Nf3 Qf5 7.Qb3 Nc6 8.Bd2 O-O
9.h3 { N } ( 9.e3 Rd8 ( 9...Bd6 10.Nb5 e5 11.dxe5 Nxe5 12.Nfd4 Qd7 13.Qc2 c5
14.Nb3 b6 15.Nxd6 Qxd6 16.Be2 Bb7 17.f3 Rad8 18.O-O Qe7 19.Rad1 { 1/2-1/2, Dao
Thien Hai (VIE) 2535 - Romanishin Oleg M (UKR) 2555, Balatonbereny (Hungary)
1996 } ) ( 9...a6 10.Be2 Bd6 11.Nh4 Qg5 12.g3 Ne8 13.f4 Qd8 14.Nf3 Be7
15.O-O-O b5 16.Ne4 Bb7 17.Qc2 f5 18.Nc3 Qc8 19.Rhg1 Nf6 20.Kb1 Nb4 21.Qc1 Ne4
22.Ne5 c5 23.Ka1 cxd4 24.exd4 Rd8 25.Be1 Qc7 26.g4 Rac8 27.Nd3 Rxd4 28.Nxb4
Rxb4 29.gxf5 exf5 30.a3 Ra4 31.Qc2 Kh8 32.Qb3 Qc5 33.Rxg7 Rxa3+ 34.Qxa3 Kxg7
35.Qxc5 Nxc5 36.b4 Ne6 37.Bd3 Bxb4 38.Nxb5 Bxe1 39.Rxe1 Nxf4 40.Bxf5 axb5
41.Re7+ Kf6 42.Bxc8 Kxe7 43.Bxb7 Ne6 44.Kb2 b4 45.Kc2 Kf6 46.Bc8 Nc5 47.h4 Ke5
48.Bg4 Kf4 49.Bd1 Ke3 50.h5 h6 51.Bg4 Ke4 52.Bd1 Kd5 53.Bf3+ Kc4 54.Be2+ Kd4
55.Bb5 Ne6 56.Kb3 Kc5 57.Be8 Nd4+ 58.Kb2 Kd6 59.Bg6 Ke7 60.Ka2 Kd6 61.Kb2 Kc5
62.Be8 Nf5 63.Kb3 Nd6 64.Bd7 Nc4 65.Be8 Nd2+ 66.Kc2 Ne4 67.Kb3 Nd6 68.Bd7 {
1/2-1/2, Kobalia Mikhail 2634 - Sadvakasov Darmen 2612 , Sochi 20. 4.2005 Ch
Russia (club) } ) 10.Be2 e5 11.Nxe5 Be6 12.g4 Qxe5 13.dxe5 Bxb3 14.exf6 Be6
15.f4 gxf6 16.O-O-O Kg7 17.Rhg1 Na5 18.b3 Nxb3+ 19.axb3 Bxb3 20.Nb5 Bxd1
21.Rxd1 Bxd2+ 22.Rxd2 Rxd2 23.Kxd2 c6 24.Nd4 a5 25.Kc3 a4 26.Kb2 c5 27.Nf5+
Kf8 28.Ka3 b6 29.Bc4 Ra5 30.Nd6 Ra8 31.h4 h6 32.h5 Ra5 33.e4 Ra8 34.Bd5 Ra7
35.Nf5 b5 36.Nxh6 c4 37.Nf5 b4+ 38.Kxb4 a3 39.Bxc4 a2 40.Bxa2 Rxa2 41.g5 Rf2
42.h6 Kg8 43.Ne7+ Kh7 44.Nd5 fxg5 45.fxg5 Kg6 46.Kc5 Kxg5 47.h7 Rh2 48.Kd6
Rxh7 49.e5 Kf5 50.Ne7+ Ke4 51.Ng8 Rg7 52.Nf6+ Kf5 53.Nd7 Rh7 54.Nf8 Rg7 55.Nd7
Rg1 56.Ke7 Kg6 57.Nf8+ Kg7 58.Nd7 Re1 59.Kd6 Kg6 60.Nf8+ Kf5 61.Ke7 Ra1
62.Kxf7 Ra7+ 63.Ke8 Kxe5 64.Nd7+ Kd6 65.Nf8 Rg7 66.Kd8 Re7 67.Ng6 Re1 68.Nf8
Re2 69.Ng6 Re6 70.Nf8 Re2 71.Ng6 Re1 72.Nf8 Re3 73.Ng6 Ke6 74.Nf8+ Kf7 75.Nd7
Rc3 76.Nb6 { 1/2-1/2, Ivanchuk Vassily 2730 - Anand Viswanathan 2735 , Monaco
1996 It "Melody Amber" (blindfold) } ) 9...b6 { DA } 10.g4 { !? } 10...Qa5 (
10...Qg6 11.Bg2 { ? } ) 11.Rc1 Bb7 12.a3 Bxc3 13.Bxc3 Qd5 14.Qxd5 Nxd5 15.Bd2
Nf6 ( 15...Rfd8 { !? } ) 16.Rg1 Rac8 17.Bg2 Ne7 18.Bb4 { DA } 18...c5 { ?! }
19.dxc5 Rfd8 20.Ne5 { ! } 20...Bxg2 21.Rxg2 bxc5 { ?! } ( 21...Nc6 { !? } )
22.Rxc5 Ne4 ( 22...Ned5 23.f3 Nxb4 24.axb4 Nd5 25.Nc6 Rd6 26.b5 { ± } )
23.Rxc8 Rxc8 24.Nd3 Nd5 25.Bd2 Rc2 26.Bc1 { ! } 26...f5 27.Kd1 Rc8 28.f3 Nd6
29.Ke1 a5 30.e3 { DA } 30...e5 { ?! } ( 30...a4 { !? } ) 31.gxf5 e4 (
31...Nxf5 32.e4 Nh4 33.Rg4 Nxf3+ 34.Kf2 Nh2 35.Rg2 Rc2+ 36.Kg3 Nf1+ 37.Kf3
Nh2+ 38.Rxh2 Rxh2 39.exd5 Rxh3+ 40.Ke4 { +?? } ) 32.fxe4 Nxe4 33.Bd2 a4 (
33...Re8 { !? } ) 34.Nf2 { ! } 34...Nd6 35.Rg4 Nc4 { ?! } ( { ? } 35...Nxf5 )
36.e4 ( 36.Nd1 { +?? } ) 36...Nf6 37.Rg3 Nxb2 { DA } 38.e5 { ! } 38...Nd5 (
38...Re8 39.Bc3 Nc4 40.e6 Nd6 41.Ng4 Nxg4 42.hxg4 Ne4 43.Re3 Nxc3 44.Rxc3 g6
45.Kf2 h5 46.Kg3 { !+?? } ) 39.f6 Kf7 40.Ne4 Nc4 41.fxg7 ( 41.Rxg7+ { ! }
41...Ke6 42.f7 Nxd2 43.Kxd2 Rf8 44.Ng5+ Ke7 45.Rxh7 { +?? } ) 41...Kg8 42.Rd3
Ndb6 43.Bh6 Nxe5 44.Nf6+ Kf7 45.Rc3 Rxc3 46.g8=Q+ Kxf6 47.Bg7+ {#r} 1-0

[Event "Extraliga 2008/09"]
[Site "masterchessopen.com Czech Republic"]
[Date "2008.11.08"]
[Round "1"]
[White "Navara David (CZE)"]
[Black "Azarov Sergei (BLR)"]
[Result "1-0"]
[WhiteElo "2633"]
[BlackElo "2613"]

1.d4 Nf6 2.c4 e6 3.Nc3 Bb4 4.Qc2 d5 5.cxd5 Qxd5 6.Nf3 Qf5 7.Qb3 Nc6 8.Bd2 O-O
9.h3 Rd8 10.g4 Qg6 11.Rc1 Nd5 12.Bg2 Nxc3 13.bxc3 Bd6 14.Ng5 h6 15.Be4 Qf6
16.Nf3 Bf4 17.e3 Bd6 18.h4 Qe7 19.g5 h5 20.g6 f5 21.Bd3 Qf6 22.Rg1 Ne7 23.Ng5
Nxg6 24.Qd1 Nf8 25.e4 g6 26.e5 Bxe5 27.Nf3 {#r} 1-0

[Event "Ch Region (final)"]
[Site "masterchessopen.com Ekaterinburg (Russia)"]
[Date "2008.11.27"]
[Round "7"]
[White "Marievich Vladimir (RUS)"]
[Black "Korobov Nikolai (RUS)"]
[Result "1-0"]
[WhiteElo "2044"]
[BlackElo "2074"]

1.d4 Nf6 2.c4 e6 3.Nc3 Bb4 4.Qc2 d5 5.cxd5 Qxd5 6.e3 c5 7.Bd2 Bxc3 8.bxc3 cxd4
9.cxd4 O-O 10.Nf3 Nc6 11.Bc4 Qe4 12.Bd3 Qg4 13.O-O h6 14.h3 Qh5 15.Rfe1 e5
16.dxe5 Nxe5 17.Nxe5 Qxe5 18.Bc3 Qg5 19.f4 Qh4 20.Qf2 Qxf2+ 21.Kxf2 Nd5 22.Bd4
Bd7 23.Rab1 b6 24.Be4 Bc6 25.Rbc1 Bb7 26.Red1 Rac8 27.Bf3 Ba8 28.a3 Ne7 29.e4
Rxc1 30.Rxc1 Rc8 31.Rxc8+ Nxc8 32.Be5 Ne7 33.Bd6 Kf8 34.Ke3 Ke8 35.Ke2 Kd8
36.Bb4 Bc6 37.g4 a5 38.Bc3 g6 39.h4 Nc8 40.g5 Ke7 41.e5 hxg5 42.hxg5 f5 43.e6
{#r} 1-0

[Event "Ch Germany (juniors) (club) (under 20)"]
[Site "masterchessopen.com Arendsee (Germany)"]
[Date "2008.12.27"]
[Round "1"]
[White "Hauser Carlos (GER)"]
[Black "Aulich Marcell (GER)"]
[Result "1-0"]
[WhiteElo "2110"]
[BlackElo "2083"]

1.d4 Nf6 2.c4 e6 3.Nc3 Bb4 4.Qc2 d5 5.cxd5 Nxd5 6.Nf3 O-O 7.e4 Nxc3 8.bxc3 Be7
9.Bd3 c5 10.O-O cxd4 11.cxd4 Nc6 12.e5 g6 13.Bh6 Re8 14.Bb5 Bd7 15.Qe4 a6
16.Bc4 Na5 17.Be2 Bc6 18.Qf4 Bxf3 19.Bxf3 Nc6 20.Rfd1 Qc7 21.Rac1 Red8 22.h4
Rac8 23.h5 Qb6 24.d5 Nb4 25.Rxc8 Rxc8 26.d6 Bd8 27.Rb1 Rc2 28.Qxb4 Qxf2+
29.Kh1 a5 30.Qe1 Qxe1+ 31.Rxe1 b5 32.Rc1 Rc4 33.Rxc4 bxc4 34.Bd2 f6 35.exf6
Kf7 36.Bc3 {#r} 1-0

[Event "It (masters)"]
[Site "masterchessopen.com Hastings (England)"]
[Round "4"]
[White "Eames Robert (ENG)"]
[Black "Nebel Uwe (GER)"]
[Result "1-0"]
[WhiteElo "2329"]
[BlackElo "2001"]

1.d4 Nf6 2.c4 e6 3.Nc3 Bb4 4.Qc2 d5 5.cxd5 Bxc3+ 6.bxc3 O-O 7.dxe6 Bxe6 8.Bg5
h6 9.Bh4 c5 10.Nf3 Nc6 11.dxc5 Qd5 12.Bxf6 gxf6 13.e3 Bf5 14.Qb3 Qxc5 15.Be2
Be6 16.Qb2 Bc4 17.O-O Bxe2 18.Qxe2 Qxc3 19.Nh4 f5 20.Nxf5 Qf6 21.Qh5 Kh7
22.Rab1 Ne7 23.Nd4 Nc6 24.Nf3 Rab8 25.Rb5 Rg8 26.Rf5 Qg6 27.Rxf7+ Kh8 28.Qxg6
Rxg6 29.Rd1 b5 30.Rdd7 a5 31.Nh4 Re6 32.Rh7+ Kg8 33.Rdg7+ Kf8 34.Nf5 {#r} 1-0